Časové rozlišovanie nákladov a výnosov v podvojnom účtovníctve

Guardado en:
Detalles Bibliográficos
Autor principal: Lacová, Ľudmila
Formato: Capítulo de libro
Lenguaje:eslovaco
Etiquetas: Agregar Etiqueta
Sin Etiquetas, Sea el primero en etiquetar este registro!

MARC

LEADER 00000naa$a2200000$$$4500
001 0061127
005 20240502071701.3
041 0 |a slo 
044 |a SK 
245 1 0 |a Časové rozlišovanie nákladov a výnosov v podvojnom účtovníctve  |c Ľudmila Lacová 
100 1 |a Lacová, Ľudmila